| 000 | 01174nam0a22002771 4500 | ||
|---|---|---|---|
| 001 | rc\3926242 | ||
| 005 | 20250611024300.0 | ||
| 021 |
_aRU _b[50-5986] |
||
| 035 | _a(NLR Aleph) 008029038 | ||
| 090 |
_a8809219 _c8809219 |
||
| 100 | _a20130415d1949 |||y0rusy50 ca | ||
| 101 | 0 | _arus | |
| 102 | _aRU | ||
| 105 | _ay z ||||| | ||
| 200 | 1 |
_aСтенографический отчет _fВосьмая сессия Верховного Совета Азерб. ССР. 15-17 авг. 1946 г. |
|
| 210 |
_aБаку _cАзернешр _d1949 |
||
| 215 |
_a212, [11] с. _d21 |
||
| 606 |
_aБюджет _yАзербайджанская ССР _z1946 _2psbo |
||
| 606 |
_aЗаконодательство _yАзербайджанская ССР _2psbo |
||
| 606 |
_aПятилетний план восстановления и развития народного хозяйства Азербайджанской ССР _z1946-1950 _2psbo |
||
| 710 | 1 | 2 | _aАзербайджанская ССР. Верховный Совет. Созыв (1). Сессия (8) |
| 801 | 0 |
_aRU _bNLR _gpsbo |
|
| 801 | 1 |
_aRU _bELAR _2rusmarc |
|
| 852 |
_aNLR _jИр66 Г-3/85 |
||
| 942 | _cBOOK | ||
| 980 | _aNB | ||